Southville International School and Colleges
Your cart is empty.
  • Cart
  • Lists
    Public lists Eva Luna New books Lux_list list_1
    Your lists Log in to create your own lists
  • Log in to your account
  • Your cookies
  • Search history
Southville International School and Colleges
  • Advanced search
  • Recent comments
  • Most popular
  • Libraries

Log in to your account

Log in with GOOGLE


If you do not have an external account, but do have a local account, you can still log in:

  1. Home
  2. MARC view: Traditional medicine /
Normal view MARC view ISBD view

Traditional medicine / (Record no. 13748)

[ view plain ]
MARC details
000 -LEADER
fixed length control field 00477nam a22001697a 4500
003 - CONTROL NUMBER IDENTIFIER
control field OSt
005 - DATE AND TIME OF LATEST TRANSACTION
control field 20140310182456.0
008 - FIXED-LENGTH DATA ELEMENTS--GENERAL INFORMATION
fixed length control field 130806t xxu||||| |||| 00| 0 eng d
020 ## - INTERNATIONAL STANDARD BOOK NUMBER
International Standard Book Number 9780853698333
050 ## - LIBRARY OF CONGRESS CALL NUMBER
Classification number R 733
Item number .T763 2010
245 ## - TITLE STATEMENT
Title Traditional medicine /
Statement of responsibility, etc edited by, Steven B. Kayne
260 ## - PUBLICATION, DISTRIBUTION, ETC. (IMPRINT)
Place of publication, distribution, etc U.S.A.. :
Name of publisher, distributor, etc Pharmaceutical press,
Date of publication, distribution, etc c2010.
300 ## - PHYSICAL DESCRIPTION
Extent 331 p. :
Other physical details ill. ;
Dimensions 23 cm.
650 ## - SUBJECT ADDED ENTRY--TOPICAL TERM
Topical term or geographic name as entry element Traditional Medicine
9 (RLIN) 8994
942 ## - ADDED ENTRY ELEMENTS (KOHA)
Source of classification or shelving scheme Library of Congress Classification
Koha item type
Holdings
Withdrawn status Lost status Source of classification or shelving scheme Damaged status Home library Current library Shelving location Date acquired Total Checkouts Full call number Barcode Date last seen Copy number Price effective from Koha item type
    Library of Congress Classification   South SEED-LPDH College Library South SEED-LPDH College Library South SEED-LPDH College Section 08/06/2013   R 733 .T763 2010 SSLC0383 04/20/2017 1 08/06/2013 Books

Traditional medicine /

APA

(2010). Traditional medicine. U.S.A: Pharmaceutical press.

Chicago

2010. Traditional medicine. U.S.A: Pharmaceutical press.

Harvard

(2010). Traditional medicine. U.S.A: Pharmaceutical press.

MLA

Traditional medicine. U.S.A: Pharmaceutical press. 2010.

  • Place hold
  • Print
  • Cite
  • Add to your cart (remove)
  • Save record
    BIBTEX Dublin Core MARCXML MARC (non-Unicode/MARC-8) MARC (Unicode/UTF-8) MARC (Unicode/UTF-8, Standard) MODS (XML) RIS
  • More searches
    Search for this title in:
    Other Libraries (WorldCat) Other Databases (Google Scholar) Online Stores (Bookfinder.com) Open Library (openlibrary.org)

Exporting to Dublin Core...

SOUTHVILLE LIBRARY

Southville International School and Colleges Library

1281 Tropical Ave. Cor. Luxembourg St., BF Homes International, Las Pinas City

Tel. No. 8256374 / 252358 Loc. 117/146

Powered by Koha